00297cam a22001097a 4500008004000000020001800040100001600058245005100074260003600125300001000161650001600171180718b1995 xxu||||| |||| 00| 0 eng d a81 7055 406 3 aRajkishore, aBhrastachar kee chounoticedited by Rajkishore aNew DelhibVani Prakashanc1995 a163p. aBhrastachar